Rappeurs US par image #2 - Statistiques

Statistiques générales
  • Ce quiz a été pris 1 462 fois
  • Le résultat moyen est 11 sur 16
Statistiques - réponses
Par images Réponse % Correct
Tupac
97%
6ix9ine
86%
Lil Wayne
82%
Lil Pump
80%
Future
79%
Nicki Minaj
79%
Tyler, The Creator
79%
Juice WRLD
78%
Offset
71%
Frank Ocean
60%
Swae Lee
52%
Metro Boomin
49%
Fetty Wap
48%
Polo G
48%
Ski Mask The Slump God
43%
Baby Keem
32%
Aucun quiz correspondant
Distribution des résultats
% des personnes avec chaque résultat
Percentile par nombre de réponses
Votre historique - résultats
Vous n’avez pas pris ce quiz